Libanius's progymnasmata: model exercises in greek prose composition and rhetoric /

Guardado en:
Autor Principal: Libanio
Otros Autores: Gibson, Craig A.
Formato: Libro
Publicado: Atlanta : Society of Biblical Literature, 2008.
Materias:
Etiquetas: Agregar Etiqueta
Sin Etiquetas, Sea el primero en etiquetar este registro!
LEADER 00741nam a22002175a 4500
001 EHU.bham040608
003 AR-BHAM
005 20110224120234.0
008 130507s2008##################000#0#####d
020 |a 9781589833609 
082 8 8 |a 885.01 
100 1 |a Libanio 
245 1 0 |a Libanius's progymnasmata: model exercises in greek prose composition and rhetoric /  |c  Translated With An Introduction And Notes By Craig A. Gibson 
260 |a Atlanta :  |b Society of Biblical Literature,  |c 2008. 
300 |a 571 p. 
500 |a Edición bilingüe: griego-inglés 
653 |a Retórica antigua 
653 |a Griego 
653 |a Griego-ejercicios 
700 1 |a Gibson, Craig A. 
859 |a AR-BHAM  |b BIB. HUMANIDADES - General  |h 885.01  |i L614  |p 384.10  |t Ej.1